Metodika ověřování deklarovaného původu klonů v semenných sadech na principu analýz DNA : certifikovaná metodika /

Hlavní autor: Novotný, Petr, 1975 srpen 4.-
Další autoři: Dostál, Jaroslav, 1980-
Jazyk: Čeština
Vydáno: Strnady : Výzkumný ústav lesního hospodářství a myslivosti, v.v.i., 2018
Edice: Lesnický průvodce
Témata:
Externí odkaz: Dostupné v elektronické verzi na
Fyzický popis: 39 stran : barevné ilustrace ; 21 cm
Language note: Anglická resumé
Knihy
Uloženo v:
LEADER 02058nam a2200541 i 4500
001 nkc20193078686
003 CZ PrNK
005 20190701092158.0
007 ta
008 190225s2018 xr a f f 000 0 cze
015 |a cnb003078686 
020 |a 978-80-7417-157-4  |q (brožováno) 
035 |a (OCoLC)1107824276 
040 |a BOA001  |b cze  |d ABA001  |e rda 
041 0 |a cze  |b eng 
072 7 |a 630  |x Lesnictví  |2 Konspekt  |9 24 
080 |a 630.232  |2 MRF 
080 |a 575.113.088.7  |2 MRF 
080 |a 602.7  |2 MRF 
080 |a (083.744)  |2 MRF 
100 1 |a Novotný, Petr,  |d 1975 srpen 4.-  |7 mzk2006324315  |4 aut 
245 1 0 |a Metodika ověřování deklarovaného původu klonů v semenných sadech na principu analýz DNA :  |b certifikovaná metodika /  |c Petr Novotný, Jaroslav Dostál 
264 1 |a Strnady :  |b Výzkumný ústav lesního hospodářství a myslivosti, v.v.i.,  |c 2018 
300 |a 39 stran :  |b barevné ilustrace ;  |c 21 cm 
336 |a text  |b txt  |2 rdacontent 
337 |a bez média  |b n  |2 rdamedia 
338 |a svazek  |b nc  |2 rdacarrier 
490 1 |a Certifikované metodiky pro praxi 
490 1 |a Lesnický průvodce,  |x 0862-7657 ;  |v 11/2018 
504 |a Obsahuje bibliografii 
546 |a Anglická resumé 
650 0 7 |a semenáčky  |7 ph125477  |2 czenas 
650 0 7 |a genetické markery  |7 ph120488  |2 czenas 
650 0 7 |a klonování  |7 ph121642  |2 czenas 
650 0 9 |a seedlings  |2 eczenas 
650 0 9 |a genetic markers  |2 eczenas 
650 0 9 |a cloning  |2 eczenas 
655 7 |a certifikované metodiky  |7 fd806827  |2 czenas 
655 9 |a certified methodology  |2 eczenas 
700 1 |a Dostál, Jaroslav,  |d 1980-  |7 mzk2016936205  |4 aut 
810 2 |a Výzkumný ústav lesního hospodářství a myslivosti.  |t Metodiky  |0 s 
830 0 |a Lesnický průvodce  |0 s 
856 4 2 |3 Dostupné v elektronické verzi na  |u http://vulhm/lesnicky_pruvodce  |4 N 
910 2 |a BOA001  |b 2-1425.919 
990 |a BK 
995 |a 01 
991 |b 201904  |c NOV 
996 6 |b 2610778856  |c 2-1425.919  |l MZK  |r Sklad / do 1 hodiny  |n 0  |p p.v.  |w 001718417  |u 000010  |a 1  |e BOA001  |j MZK50  |s P